Speed Capitals of Europe-Easy - Statistics

General Stats
  • This quiz has been taken 103 times
    91 since last reset
  • The average score is 5 of 9
Answer Stats
Country Capital % Correct
Germany Berlin
100%
Spain Madrid
90%
France Paris
59%
United Kingdom London
44%
Portugal Lisbon
43%
Italy Rome
41%
Austria Vienna
41%
Greece Athens
36%
Poland Warsaw
28%
No matching quizzes found
Score Distribution
Percent of People with Each Score
Percentile by Number Answered
Your Score History
You have not taken this quiz since the last reset